Public service interpreting : (E-BOOK) (Record no. 213313)

000 -LEADER
fixed length control field 01096 a2200277 4500
003 - CONTROL NUMBER IDENTIFIER
control field Nust
005 - DATE AND TIME OF LATEST TRANSACTION
control field 20170207165831.0
020 ## - INTERNATIONAL STANDARD BOOK NUMBER
International Standard Book Number 1403937982
020 ## - INTERNATIONAL STANDARD BOOK NUMBER
International Standard Book Number 1403937982 (hbk.)
020 ## - INTERNATIONAL STANDARD BOOK NUMBER
International Standard Book Number 9781403937988
020 ## - INTERNATIONAL STANDARD BOOK NUMBER
International Standard Book Number 9781403937988 (hbk.)
035 ## - SYSTEM CONTROL NUMBER
System control number (OCoLC)ocn234301391
040 ## - CATALOGING SOURCE
Transcribing agency Nust
082 04 - DEWEY DECIMAL CLASSIFICATION NUMBER
Classification number 418.02
100 1# - MAIN ENTRY--PERSONAL NAME
Personal name Corsellis, Ann
245 10 - TITLE STATEMENT
Title Public service interpreting : (E-BOOK)
Remainder of title the first steps /
Statement of responsibility, etc. Ann Corsellis
260 ## - PUBLICATION, DISTRIBUTION, ETC.
Place of publication, distribution, etc. Basingstoke :
Name of publisher, distributor, etc. Palgrave Macmillan,
Date of publication, distribution, etc. 2008
300 ## - PHYSICAL DESCRIPTION
Extent xii, 186 p.
440 #0 - SERIES STATEMENT/ADDED ENTRY--TITLE
Title Palgrave textbooks in translating & interpreting
505 ## - FORMATTED CONTENTS NOTE
Formatted contents note What is All this About? (Page-1) Developing Interpreting in the Public Services: A Case Study (Page-11) The Expertise and Role of Public Service Interpreters (Page-24) Training and Assessment of Public Service Interpreters (Page-53) Establishing a Professional Framework (Page-82) Bilingual Practitioners (Page-102)
650 #7 - SUBJECT ADDED ENTRY--TOPICAL TERM
Topical term or geographic name entry element Municipal services
General subdivision Translating.
650 #7 - SUBJECT ADDED ENTRY--TOPICAL TERM
Topical term or geographic name entry element Tolkning
650 #7 - SUBJECT ADDED ENTRY--TOPICAL TERM
Topical term or geographic name entry element Translating and interpreting
650 #7 - SUBJECT ADDED ENTRY--TOPICAL TERM
Topical term or geographic name entry element Translating and interpreting.
651 ## - SUBJECT ADDED ENTRY--GEOGRAPHIC NAME
Geographic name E-Book
942 ## - ADDED ENTRY ELEMENTS (KOHA)
Source of classification or shelving scheme
Koha item type Book
Holdings
Withdrawn status Lost status Source of classification or shelving scheme Damaged status Not for loan Collection code Permanent Location Current Location Date acquired Total Checkouts Full call number Barcode Date last seen Price effective from Koha item type
            Military College of Signals (MCS) Military College of Signals (MCS) 12/12/2016   418.02 ANN MCSEB-3304 12/08/2016 12/12/2016 Book
© 2023 Central Library, National University of Sciences and Technology. All Rights Reserved.